Secondo Ordine della Fenice saga di Harry Potter - Statistics

Statistiche generali
  • Questo quiz è stato fatto 116 volte
  • Il punteggio medio è 8 su 15
Statistiche sulle risposte
Risposta % Corretto
Sirius Black
95%
Remus Lupin
88%
Arthur Weasley
87%
Molly Weasley
86%
Albus Silente
79%
Alastor Moody
76%
Severus Piton
72%
Ninfadora Tonks
61%
Bill Weasley
50%
Minerva McGranitt
46%
Rubeus Hagrid
40%
Kingsley Shacklebolt
34%
Aberforth Silente
18%
Arabella Figg
9%
Hestia Jones
6%
Nessun quiz corrispondente trovato
Distribuzione punteggi
Percentuale di utenti per punteggio
Percentile per numero di risposta
I tuoi punteggi nel tempo
Non hai fatto questo quiz